| 000 | 00943nam2a22002531 4500 | ||
|---|---|---|---|
| 001 | RU\NLR\INFOCOMM6\1000371398 | ||
| 005 | 20031222134551.0 | ||
| 035 | _a(NLR Aleph) 002484577 | ||
| 090 |
_a2454033 _c2454033 |
||
| 100 | _a20031222d1916 |||y0rusy50 ca | ||
| 101 | 0 | _arus | |
| 102 | _aRU | ||
| 105 | _ay ||||||||| | ||
| 200 | 1 |
_aБиблиографические очерки _fЛовягин А.М. |
|
| 210 | _d1916 | ||
| 461 | 0 |
_1001RU\NLR\INFOCOMM6\1000371394 _12001#$aБиблиографический сборник$eИзд. Рус. библиогр. о-ва$vТ.1, Вып.4 _92453999 _cПг. _d1915-1918 _oИзд. Рус. библиогр. о-ва _tБиблиографический сборник _vТ.1, Вып.4 |
|
| 700 | 1 |
_aЛовягин _bА. М. _4070 |
|
| 801 | 0 |
_aRU _bNLR _gPSBO |
|
| 801 | 1 |
_aRU _bInfoComm _c20031222 |
|
| 852 |
_aNLR _bБ _jК1000-015/Б592 |
||
| 942 | _cISSUE | ||
| 980 | _aNB | ||
| 980 | _aRUSPER | ||